CASILLAS - Estadísticas

Estadísticas generales
  • Esta prueba ha sido intentada 22 veces
  • La puntuación promedio es 22 de 195
Answers on the Grid
Answers color-coded by a green-red scale on the quiz's grid according to % correct below.
XXX
XXX
XXX
XXX
XXX
XXX
XXX
XXX
XXX
XXX
XXX
XXX
XXX
XXX
XXX
XXX
XXX
XXX
XXX
XXX
XXX
XXX
XXX
XXX
XXX
XXX
XXX
XXX
XXX
XXX
XXX
XXX
XXX
XXX
XXX
XXX
XXX
XXX
XXX
XXX
XXX
XXX
XXX
XXX
XXX
XXX
XXX
XXX
XXX
XXX
XXX
XXX
XXX
XXX
XXX
XXX
XXX
XXX
XXX
XXX
XXX
XXX
XXX
XXX
XXX
XXX
XXX
XXX
XXX
XXX
XXX
XXX
XXX
XXX
XXX
XXX
XXX
XXX
XXX
XXX
XXX
XXX
XXX
XXX
XXX
XXX
XXX
XXX
XXX
XXX
XXX
XXX
XXX
XXX
XXX
XXX
XXX
XXX
XXX
XXX
XXX
XXX
XXX
XXX
XXX
XXX
XXX
XXX
XXX
XXX
XXX
XXX
XXX
XXX
XXX
XXX
XXX
XXX
XXX
XXX
XXX
XXX
XXX
XXX
XXX
XXX
XXX
XXX
XXX
XXX
XXX
XXX
XXX
XXX
XXX
XXX
XXX
XXX
XXX
XXX
XXX
XXX
XXX
XXX
XXX
XXX
XXX
XXX
XXX
XXX
XXX
XXX
XXX
XXX
XXX
XXX
XXX
XXX
XXX
XXX
XXX
XXX
XXX
XXX
XXX
XXX
XXX
XXX
XXX
XXX
XXX
XXX
XXX
XXX
XXX
XXX
XXX
XXX
XXX
XXX
XXX
XXX
XXX
XXX
XXX
XXX
XXX
XXX
XXX
XXX
XXX
XXX
XXX
XXX
XXX
XXX
XXX
XXX
XXX
XXX
 
Estadísticas de respuestas
Respuesta % Correcto
XXX
30%
XXX
30%
XXX
25%
XXX
25%
XXX
25%
XXX
25%
XXX
25%
XXX
25%
XXX
25%
XXX
25%
XXX
20%
XXX
20%
XXX
20%
XXX
20%
XXX
20%
XXX
20%
XXX
20%
XXX
20%
XXX
20%
XXX
20%
XXX
20%
XXX
20%
XXX
20%
XXX
20%
XXX
20%
XXX
20%
XXX
20%
XXX
20%
XXX
20%
XXX
20%
XXX
20%
XXX
20%
XXX
20%
XXX
15%
XXX
15%
XXX
15%
XXX
15%
XXX
15%
XXX
15%
XXX
15%
XXX
15%
XXX
15%
XXX
15%
XXX
15%
XXX
15%
XXX
15%
XXX
15%
XXX
15%
XXX
15%
XXX
15%
XXX
15%
XXX
15%
XXX
15%
XXX
15%
XXX
15%
XXX
15%
XXX
15%
XXX
15%
XXX
15%
XXX
15%
XXX
15%
XXX
15%
XXX
15%
XXX
15%
XXX
15%
XXX
15%
XXX
15%
XXX
15%
XXX
15%
XXX
15%
XXX
15%
XXX
15%
XXX
15%
XXX
15%
XXX
15%
XXX
15%
XXX
15%
XXX
10%
XXX
10%
XXX
10%
XXX
10%
XXX
10%
XXX
10%
XXX
10%
XXX
10%
XXX
10%
XXX
10%
XXX
10%
XXX
10%
XXX
10%
XXX
10%
XXX
10%
XXX
10%
XXX
10%
XXX
10%
XXX
10%
XXX
10%
XXX
10%
XXX
10%
XXX
10%
XXX
10%
XXX
10%
XXX
10%
XXX
10%
XXX
10%
XXX
10%
XXX
10%
XXX
10%
XXX
10%
XXX
10%
XXX
10%
XXX
10%
XXX
10%
XXX
10%
XXX
10%
XXX
10%
XXX
10%
XXX
10%
XXX
10%
XXX
10%
XXX
10%
XXX
10%
XXX
10%
XXX
10%
XXX
10%
XXX
10%
XXX
10%
XXX
10%
XXX
10%
XXX
10%
XXX
10%
XXX
10%
XXX
10%
XXX
10%
XXX
10%
XXX
10%
XXX
10%
XXX
10%
XXX
10%
XXX
10%
XXX
5%
XXX
5%
XXX
5%
XXX
5%
XXX
5%
XXX
5%
XXX
5%
XXX
5%
XXX
5%
XXX
5%
XXX
5%
XXX
5%
XXX
5%
XXX
5%
XXX
5%
XXX
5%
XXX
5%
XXX
5%
XXX
5%
XXX
5%
XXX
5%
XXX
5%
XXX
5%
XXX
5%
XXX
5%
XXX
5%
XXX
5%
XXX
5%
XXX
5%
XXX
5%
XXX
5%
XXX
5%
XXX
5%
XXX
5%
XXX
5%
XXX
5%
XXX
5%
XXX
5%
XXX
5%
XXX
5%
XXX
5%
XXX
5%
XXX
5%
XXX
5%
XXX
5%
XXX
5%
XXX
0%
XXX
0%
XXX
0%
XXX
0%
XXX
0%
XXX
0%
XXX
0%
XXX
0%
XXX
0%
No se encontraron pruebas coincidentes
Distribución de puntuación
Porcentaje de gente con cada puntuación
Porcentaje por número respondido
Historial de tus puntuaciones
No has intentado esta prueba.